Statistics for First 28 Countries of Wuhan Coronavirus COVID-19 Outbreak

Click here to take the quiz!

General Stats

  • This quiz has been taken 6,063 times
    (5,813 since last reset)
  • The average score is 19 of 28

Answer Stats

Country of Diagnosis% Correct
China
99%
United States
97%
Italy
94%
Japan
94%
United Kingdom
92%
France
90%
South Korea
90%
India
88%
Russia
88%
Spain
86%
Canada
85%
Germany
85%
Australia
78%
Thailand
76%
Vietnam
76%
Taiwan
66%
Iran
62%
Malaysia
61%
Philippines
59%
Singapore
57%
Cambodia
54%
Sweden
52%
Belgium
44%
Nepal
41%
Egypt
38%
Finland
35%
United Arab Emirates
28%
Sri Lanka
23%

Score Distribution

Percentile by Number Answered

Percent of People with Each Score

Your Score History

You have not taken this quiz since the last reset